000 00493nam a2200157Ia 4500
008 170221s9999 xx 000 0 und d
100 _aTingkai Wang
245 2 _aA Multi-Robot System Based on A Hybrid Communication Approach
245 _cTingkai Wang, Quan Dang, Peiyuan Pan
260 _bStudies in Media and Communication
260 _c2013
300 _a33 : 4
650 _xCommunication
650 _xMedia Arts
856 _uhttp://redfame.com/journal/index.php/smc/issue/view/3
999 _c311018
_d311018